Statistics for Biggest Japanese cities by decade

Click here to take the quiz!

General Stats

  • This quiz has been taken 83 times
  • The average score is 12 of 20

Answer Stats

DecadeCity% Correct
1870-Tokyo
100%
1870-Kyoto
99%
1870-Osaka
97%
1870-Nagoya
93%
1870-1940, 1960, 1990-2000Hiroshima
90%
1950-Sapporo
90%
1870-Yokohama
88%
1880-Kobe
87%
1890-1930Nagasaki
83%
1930-Fukuoka
78%
1870-1910, 1950Sendai
70%
1940-Kawasaki
49%
2010Saitama
42%
1970-1980Kitakyushu
38%
1920-1930Hakodate
19%
1870-1880Wakayama
17%
1870-1910Kanazawa
14%
1870Tokushima
7%
1910-1920Kure
3%
1940Yahata
3%

Score Distribution

Percentile by Number Answered

Percent of People with Each Score

Your Score History

You have not taken this quiz